[Event "LTU-chT (Women)"]
[Site "Vilnius"]
[Date "2016.04.03"]
[Round "7.3"]
[White "Griciute, Rosita"]
[Black "Navickaite, Sandra"]
[Result "0-1"]
[WhiteElo "1689"]
[BlackElo "1705"]
[PlyCount "86"]
[EventDate "2016.01.23"]
[EventType "team-swiss"]
[EventRounds "7"]
[EventCountry "LTU"]
[SourceTitle "EXT 2017"]
[Source "ChessBase"]
[SourceDate "2016.10.25"]
[SourceVersion "1"]
[SourceVersionDate "2016.10.25"]
[SourceQuality "1"]
[WhiteTeam "Plunge Bokstas (W)"]
[BlackTeam "Kaunas Margiris (W) II"]
[WhiteTeamCountry "LTU"]
[BlackTeamCountry "LTU"]

1. e4 e5 2. Nc3 Nc6 3. Nf3 Nf6 4. d4 exd4 5. Nxd4 Bb4 6. Nxc6 bxc6 7. Bd3 d5 8. exd5 cxd5 9. 0-0 0-0 10. Bg5 c6 11. a3 Bd6 12. Re1 Bxh2+ 13. Kh1 Bd6 14. Qf3 h6 15. Bf4 g5 16. Bxd6 Qxd6 17. Bf5 Bxf5 18. Qxf5 Rfe8 19. Re2 Rxe2 20. Nxe2 Re8 21. Ng3 Qe6 22. Qf3 Ng4 23. Kg1 Qe1+ 24. Rxe1 Rxe1+ 25. Nf1 Rxf1+ 26. Kxf1 Nh2+ 27. Ke2 Nxf3 28. Kxf3 f5 29. Ke3 Kf7 30. b4 Ke6 31. Kd4 Kd6 32. c4 dxc4 33. Kxc4 a6 34. a4 h5 35. Kd4 h4 36. Ke3 Ke5 37. f4+ gxf4+ 38. Kf3 Ke6 39. Kxf4 Kf6 40. Ke3 Ke5 41. Kf3 Kd4 42. Kf4 Kc4 43. Kxf5 Kxb4 0-1

[Event "LTU-chT (Women)"]
[Site "Lithuania"]
[Date "2015.02.16"]
[Round "5.1"]
[White "Urbonaviciute, Zivile"]
[Black "Navickaite, Sandra"]
[Result "1-0"]
[WhiteElo "1850"]
[BlackElo "1739"]
[PlyCount "127"]
[EventDate "2015.01.24"]
[EventType "team-swiss"]
[EventRounds "7"]
[EventCountry "LTU"]
[SourceTitle "EXT 2018"]
[Source "ChessBase"]
[SourceDate "2017.10.13"]
[SourceVersion "1"]
[SourceVersionDate "2017.10.13"]
[SourceQuality "1"]
[WhiteTeam "Vilnius MRU (W)"]
[BlackTeam "Kaunas LSM (W)"]
[WhiteTeamCountry "LTU"]
[BlackTeamCountry "LTU"]

1. e4 e5 2. Nf3 Nc6 3. d4 exd4 4. Nxd4 Qh4 5. Nc3 Bb4 6. Ndb5 Qxe4+ 7. Be2 Bxc3+ 8. bxc3 Kd8 9. 0-0 a6 10. Nd4 Nxd4 11. cxd4 d6 12. Bf3 Qf5 13. Rb1 Rb8 14. Re1 Nf6 15. Ba3 Re8 16. c4 g5 17. c5 d5 18. c6 b6 19. Qb3 Be6 20. Re5 Qg6 21. Bxd5 Nxd5 22. Rxd5+ Kc8 23. Re5 Rd8 24. Qb2 Bd5 25. Rc1 f6 26. Re7 Qf5 27. Qe2 b5 28. Re8 Bxc6 29. Rxd8+ Kxd8 30. Qe7+ Kc8 31. Rxc6 Qd7 32. Qc5 Kb7 33. Rxf6 Rd8 34. h3 Qxd4 35. Qc6+ Kb8 36. Qxa6 Qa1+ 37. Kh2 Qe5+ 38. g3 h5 39. Qe6 Qxe6 40. Rxe6 Rd2 41. Bc5 Rxa2 42. Rg6 b4 43. Rxg5 b3 44. Bd4 c6 45. Kg2 b2 46. Rg8+ Kb7 47. Be5 Ka7 48. Bxb2 Rxb2 49. Rg5 Kb6 50. Rxh5 c5 51. Rh8 Kb7 52. Rd8 c4 53. Rd1 Kc6 54. Kf3 Kc5 55. Ke3 Kb4 56. h4 Rb3+ 57. Kd4 Rf3 58. h5 Rxf2 59. Rb1+ Ka3 60. Kxc4 Rc2+ 61. Kd4 Rg2 62. Rh1 Rxg3 63. h6 Rg8 64. h7 1-0

[Event "LTU-chT (Women)"]
[Site "Lithuania"]
[Date "2014.02.09"]
[Round "3"]
[White "Saumanaite, Skaiste"]
[Black "Navickaite, Sandra"]
[Result "0-1"]
[WhiteElo "1761"]
[BlackElo "1738"]
[PlyCount "58"]
[EventDate "2014.02.08"]
[EventType "team-tourn"]
[EventRounds "5"]
[EventCountry "LTU"]
[SourceTitle "EXT 2016"]
[Source "ChessBase"]
[SourceDate "2015.10.08"]
[SourceVersion "1"]
[SourceVersionDate "2015.10.08"]
[SourceQuality "1"]

1. d4 Nf6 2. Nf3 g6 3. c4 Bg7 4. Nc3 d6 5. g3 0-0 6. Bg2 Nc6 7. 0-0 e5 8. e3 Nd7 9. a3 f5 10. Nd5 h6 11. b4 Ne7 12. Nxe7+ Qxe7 13. Rb1 Kh7 14. Qb3 c6 15. Bd2 Nb6 16. Rfd1 Be6 17. Bf1 g5 18. Bc3 e4 19. Nd2 d5 20. c5 Nd7 21. Qc2 f4 22. Re1 Qf7 23. Nb3 Qh5 24. Re2 f3 25. Rd2 Nf6 26. Qd1 Ng4 27. h3 Nf6 28. Kh2 Bxh3 29. Kg1 Bxf1 0-1

[Event "LTU-chT (Women)"]
[Site "Lithuania"]
[Date "2014.02.08"]
[Round "2"]
[White "Navickaite, Sandra"]
[Black "Gailiunaite, Saule"]
[Result "0-1"]
[WhiteElo "1738"]
[BlackElo "1635"]
[PlyCount "120"]
[EventDate "2014.02.08"]
[EventType "team-tourn"]
[EventRounds "5"]
[EventCountry "LTU"]
[SourceTitle "EXT 2016"]
[Source "ChessBase"]
[SourceDate "2015.10.08"]
[SourceVersion "1"]
[SourceVersionDate "2015.10.08"]
[SourceQuality "1"]

1. d4 f5 2. Bg5 g6 3. e3 Bg7 4. h4 h6 5. Bf4 Nf6 6. c4 d6 7. Nc3 0-0 8. Nf3 Nbd7 9. Bd3 Ng4 10. Qb3 e5 11. c5+ Kh8 12. Bg5 Qe8 13. Nb5 Ndf6 14. Nxc7 Qe7 15. cxd6 Qxd6 16. Nxa8 hxg5 17. hxg5+ Nh5 18. dxe5 Nxe5 19. Nxe5 Bxe5 20. Be2 Be6 21. Qa4 Rxa8 22. Bxh5 gxh5 23. Rxh5+ Kg8 24. Rd1 Qb6 25. Rh6 Bg7 26. Qh4 Bxh6 27. Qxh6 Bf7 28. Rd6 Qxb2 29. g6 Qc3+ 30. Ke2 Bc4+ 31. Kf3 Qg7 32. Qxg7+ Kxg7 33. Kf4 Bxa2 34. Kg5 b5 35. Rd7+ Kg8 36. Kh6 b4 37. Rb7 a5 38. g3 b3 39. Rg7+ Kh8 40. Rh7+ Kg8 41. Rg7+ Kh8 42. Rh7+ Kg8 43. Rg7+ Kf8 44. Rf7+ Ke8 45. Rb7 b2 46. Rxb2 Bg8 47. Rb5 a4 48. Rxf5 a3 49. Kg7 Ke7 50. Rh5 a2 51. Rh1 Bd5 52. Ra1 Rg8+ 53. Kh7 Kf6 54. e4 Rg7+ 55. Kh8 Be6 56. f4 Rxg6 57. Kh7 Rxg3 58. e5+ Kf5 59. Kh6 Rb3 60. Rg1 Rb8 0-1

[Event "LTU-chT (Women)"]
[Site "Lithuania"]
[Date "2013.02.09"]
[Round "4"]
[White "Gucagaite, Gabriele"]
[Black "Navickaite, Sandra"]
[Result "1/2-1/2"]
[WhiteElo "1596"]
[BlackElo "1731"]
[PlyCount "117"]
[EventDate "2013.01.19"]
[EventType "team-tourn"]
[EventRounds "7"]
[EventCountry "LTU"]
[SourceTitle "CBM 152 Extra"]
[Source "ChessBase"]
[SourceDate "2013.02.25"]
[SourceVersion "1"]
[SourceVersionDate "2013.02.25"]
[SourceQuality "1"]

1. e4 e5 2. Nf3 Nc6 3. Bb5 a6 4. Bxc6 dxc6 5. 0-0 Bd6 6. d4 Bg4 7. dxe5 Bxf3 8. Qxf3 Bxe5 9. Rd1 Qh4 10. h3 Ne7 11. c3 0-0 12. Be3 Rad8 13. Nd2 f5 14. Bc5 Bd6 15. Bxd6 cxd6 16. exf5 Rxf5 17. Qe3 Rf7 18. Nf3 Qf6 19. Rd2 h6 20. Re1 Nd5 21. Qd4 Qg6 22. Qg4 Qxg4 23. hxg4 Rf4 24. Rd4 Kf7 25. Rxf4+ Nxf4 26. Nd4 g6 27. Kf1 Re8 28. Rxe8 Kxe8 29. g3 Nd3 30. b4 Ne5 31. g5 hxg5 32. Ke2 g4 33. Ke3 Ke7 34. Kf4 Kf6 35. Ke3 g5 36. Nc2 Nf3 37. Kd3 d5 38. Ne3 Ne5+ 39. Kd4 b6 40. a4 Ke6 41. a5 bxa5 42. bxa5 Nd7 43. Nxg4 c5+ 44. Kd3 Nb8 45. Ne3 Nc6 46. f4 gxf4 47. gxf4 Nxa5 48. f5+ Ke5 49. f6 c4+ 50. Ke2 Kxf6 51. Nxd5+ Ke5 52. Nb4 Ke4 53. Nxa6 Nb3 54. Nb4 Nc1+ 55. Kd2 Nd3 56. Nxd3 cxd3 57. c4 Kd4 58. c5 Kxc5 59. Kxd3 1/2-1/2

[Event "LTU-ch U18 Girls"]
[Site "Siauliai"]
[Date "2011.03.19"]
[Round "4"]
[White "Navickaite, Sandra"]
[Black "Dugnaite, Gerda"]
[Result "1/2-1/2"]
[WhiteElo "1721"]
[BlackElo "1653"]
[PlyCount "120"]
[EventDate "2011.03.17"]
[EventType "tourn"]
[EventRounds "7"]
[EventCountry "LTU"]
[SourceTitle "EXT 2022"]
[Source "ChessBase"]
[SourceDate "2021.10.06"]
[SourceVersion "1"]
[SourceVersionDate "2021.10.06"]
[SourceQuality "1"]

1. d4 Nf6 2. c4 e6 3. Nf3 Bb4+ 4. Bd2 Bxd2+ 5. Nbxd2 d5 6. e3 0-0 7. Bd3 dxc4 8. Bxc4 b6 9. 0-0 Bb7 10. Rc1 Nbd7 11. Qe2 c5 12. dxc5 Nxc5 13. Rfd1 Qe7 14. Nd4 Rfd8 15. N2f3 Rac8 16. Ne5 Nfd7 17. Nxd7 Rxd7 18. f3 Rdd8 19. a3 Nd7 20. Nb5 Ne5 21. Rxd8+ Rxd8 22. f4 Nc6 23. Bd3 a6 24. Nc3 b5 25. Ne4 Rd5 26. Qc2 g6 27. Nc5 Nd8 28. Be4 Rd6 29. Nxb7 Nxb7 30. Qc8+ Nd8 31. Bf3 Kg7 32. Qc3+ Qf6 33. Qxf6+ Kxf6 34. Rc2 e5 35. Kf2 exf4 36. exf4 Ne6 37. g3 h5 38. Ke3 Kf5 39. h3 Kf6 40. g4 hxg4 41. hxg4 Ke7 42. g5 Kd7 43. Bb7 Nc7 44. Rd2 Rxd2 45. Kxd2 Ke6 46. b4 Ke7 47. Ke3 Kd6 48. Ke4 Ke6 49. Bc8+ Kd6 50. f5 gxf5+ 51. Kxf5 Ke7 52. Bb7 Ke8 53. Kf6 Kf8 54. Bc6 Ne8+ 55. Bxe8 Kxe8 56. Ke5 Ke7 57. Kd5 Kd7 58. Ke5 Ke7 59. Kf5 Kd7 60. Kf6 Ke8 1/2-1/2

[Event "LTU-ch U18 Girls"]
[Site "Siauliai"]
[Date "2011.03.17"]
[Round "1"]
[White "Navickaite, Sandra"]
[Black "Batkovskyte, Dominyka"]
[Result "0-1"]
[WhiteElo "1721"]
[BlackElo "2011"]
[PlyCount "90"]
[EventDate "2011.03.17"]
[EventType "tourn"]
[EventRounds "7"]
[EventCountry "LTU"]
[SourceTitle "EXT 2022"]
[Source "ChessBase"]
[SourceDate "2021.10.06"]
[SourceVersion "1"]
[SourceVersionDate "2021.10.06"]
[SourceQuality "1"]

1. d4 d5 2. c4 dxc4 3. e3 Nf6 4. Bxc4 e6 5. Nf3 c5 6. 0-0 a6 7. Bb3 cxd4 8. Nxd4 Bd6 9. h3 0-0 10. Nc3 Qe7 11. e4 b5 12. a3 Bb7 13. Bg5 Nbd7 14. Qe2 Be5 15. Rfd1 h6 16. Bxf6 Nxf6 17. Qe3 Qc7 18. Bc2 Rfd8 19. Nde2 a5 20. Bd3 b4 21. axb4 axb4 22. Rxa8 Bxa8 23. Nb5 Qd7 24. f4 Bxb2 25. Bc2 Qc8 26. Rxd8+ Qxd8 27. Nbd4 Qb6 28. Kf2 Qc5 29. Bd3 e5 30. Nb3 Qd6 31. g4 exf4 32. Nxf4 Be5 33. Ne2 Bc6 34. Ned4 Bxd4 35. Nxd4 Qh2+ 36. Ke1 Qh1+ 37. Kd2 Nxe4+ 38. Bxe4 Bxe4 39. Qf4 Qb1 40. Qe3 Qb2+ 41. Kd1 Bg6 42. h4 Qc3 43. Qf4 b3 44. h5 Bc2+ 45. Ke2 b2 0-1

[Event "LTU-ch (Women)"]
[Site "Nemencine"]
[Date "2010.04.29"]
[Round "7"]
[White "Navickaite, Sandra"]
[Black "Sarakauskiene, Zivile"]
[Result "1/2-1/2"]
[WhiteElo "1701"]
[BlackElo "2224"]
[PlyCount "91"]
[EventDate "2010.04.25"]
[EventType "swiss"]
[EventRounds "9"]
[EventCountry "LTU"]
[SourceTitle "CBM 136 Extra"]
[Source "ChessBase"]
[SourceDate "2010.07.02"]
[SourceVersion "2"]
[SourceVersionDate "2010.07.15"]
[SourceQuality "1"]

1. d4 d5 2. c4 dxc4 3. Nf3 Nf6 4. e3 e6 5. Bxc4 c5 6. 0-0 Nc6 7. Qe2 a6 8. a4 Qc7 9. Rd1 Na5 10. dxc5 Bxc5 11. Nbd2 0-0 12. Rb1 Bb4 13. b3 e5 14. Bb2 e4 15. Nd4 Bg4 16. f3 Nxc4 17. Qxc4 Qxc4 18. Nxc4 exf3 19. gxf3 Bh5 20. Kf2 Bg6 21. Rbc1 Rfe8 22. Ba3 Bxa3 23. Nxa3 Rac8 24. Nc4 Rcd8 25. e4 Kf8 26. Ne2 Rxd1 27. Rxd1 Ke7 28. Nf4 Rc8 29. Nd5+ Nxd5 30. Rxd5 f6 31. Ne3 Rc3 32. b4 Ra3 33. a5 Rb3 34. Rd4 Ke6 35. f4 Rb2+ 36. Kf3 Bh5+ 37. Kg3 Rb3 38. Kf2 g5 39. fxg5 fxg5 40. Nd5 Ke5 41. Rc4 Bf7 42. Rc7 Bxd5 43. exd5 Rxb4 44. Rxh7 Kxd5 45. Rh5 Rg4 46. Kf3 1/2-1/2

[Event "LTU-ch (Women)"]
[Site "Nemencine"]
[Date "2010.04.26"]
[Round "3"]
[White "Navickaite, Sandra"]
[Black "Batkovskyte, Dominyka"]
[Result "0-1"]
[WhiteElo "1701"]
[BlackElo "1980"]
[PlyCount "66"]
[EventDate "2010.04.25"]
[EventType "swiss"]
[EventRounds "9"]
[EventCountry "LTU"]
[SourceTitle "CBM 136 Extra"]
[Source "ChessBase"]
[SourceDate "2010.07.02"]
[SourceVersion "2"]
[SourceVersionDate "2010.07.15"]
[SourceQuality "1"]

1. d4 d5 2. c4 dxc4 3. Nf3 e6 4. e3 c5 5. Bxc4 Nf6 6. 0-0 a6 7. a4 Nc6 8. Qe2 Qc7 9. Rd1 Be7 10. Nc3 0-0 11. h3 cxd4 12. exd4 Rd8 13. Be3 Nd5 14. Nxd5 exd5 15. Bd3 Bf6 16. Qc2 h6 17. Rac1 Qd6 18. Qc5 Qe6 19. Re1 Be7 20. Qc2 Nb4 21. Qb1 Qf6 22. Nh2 Nxd3 23. Qxd3 Bb4 24. Red1 Bf5 25. Qb3 Bd6 26. Kh1 Qh4 27. Kg1 Rd7 28. Qa2 Re8 29. b3 Bxh3 30. gxh3 Qxh3 31. Nf1 Re6 32. Rc8+ Kh7 33. Qc2+ f5 0-1

[Event "LTU-ch (Women)"]
[Site "Nemencine"]
[Date "2010.04.25"]
[Round "1"]
[White "Navickaite, Sandra"]
[Black "Daulyte Cornette, Deimante"]
[Result "0-1"]
[WhiteElo "1701"]
[BlackElo "2324"]
[PlyCount "146"]
[EventDate "2010.04.25"]
[EventType "swiss"]
[EventRounds "9"]
[EventCountry "LTU"]
[SourceTitle "CBM 136 Extra"]
[Source "ChessBase"]
[SourceDate "2010.07.02"]
[SourceVersion "2"]
[SourceVersionDate "2010.07.15"]
[SourceQuality "1"]

1. d4 Nf6 2. c4 g6 3. Nc3 Bg7 4. e4 d6 5. Be2 0-0 6. Nf3 Na6 7. Bg5 h6 8. Bh4 Qe8 9. 0-0 e5 10. d5 g5 11. Bg3 Nh5 12. h4 g4 13. Nh2 Nxg3 14. fxg3 h5 15. Bd3 Bh6 16. Qe2 Nc5 17. Bc2 a5 18. Rf2 f6 19. Nf1 Kg7 20. Ne3 Bxe3 21. Qxe3 Bd7 22. Raf1 Rb8 23. Kh2 Qg6 24. Qe2 Rf7 25. Qd1 Rbf8 26. Qb1 Qh6 27. Qe1 Rb8 28. Qe2 Qh7 29. Qe1 Rbf8 30. Qb1 Bc8 31. Nd1 Qh6 32. Re1 Nd7 33. Ne3 Nb6 34. Bd3 Bd7 35. Qc1 Nc8 36. Qd2 b6 37. a3 Ne7 38. Ref1 Kh8 39. Qc1 Kg8 40. Kg1 f5 41. exf5 Kg7 42. Qe1 Ng8 43. f6+ Rxf6 44. Rxf6 Rxf6 45. Bf5 Be8 46. Be6 Rxf1+ 47. Nxf1 Bf7 48. Bf5 Ne7 49. Ne3 Qf6 50. Qf2 Bg6 51. Be6 e4 52. Qd2 Qe5 53. Kh2 Bf7 54. Bd7 Bg6 55. Be6 Qf6 56. Bd7 Bf7 57. Ba4 Ng6 58. Kg1 Ne5 59. Bc2 Bg6 60. Kh2 Nd3 61. b4 axb4 62. axb4 Qb2 63. Nf1 Nxb4 64. Bxe4 Qxd2 65. Nxd2 Bxe4 66. Nxe4 Nd3 67. Kg1 Kg6 68. Kf1 Kf5 69. Nd2 Ke5 70. Ke2 Kd4 71. Nf1 Kxc4 72. Ne3+ Kc3 73. Nf5 b5 0-1

[Event "LTU-chT2"]
[Site "Lithuania"]
[Date "2010.04.10"]
[Round "8.45"]
[White "Navickaite, Sandra"]
[Black "Karsokaite, Irena"]
[Result "1/2-1/2"]
[WhiteElo "1701"]
[BlackElo "1644"]
[PlyCount "71"]
[EventDate "2009.11.07"]
[EventType "team-tourn"]
[EventRounds "9"]
[EventCountry "LTU"]
[SourceTitle "EXT 2022"]
[Source "ChessBase"]
[SourceDate "2021.10.06"]
[SourceVersion "1"]
[SourceVersionDate "2021.10.06"]
[SourceQuality "1"]

1. d4 d5 2. c4 e6 3. Nc3 Nf6 4. cxd5 exd5 5. Bg5 Be7 6. e3 0-0 7. Bd3 h6 8. Bh4 c6 9. Nge2 Nbd7 10. h3 Nh7 11. Bg3 Ndf6 12. Qc2 Ng5 13. 0-0-0 Nh5 14. Bh2 a5 15. Kb1 Bd6 16. Bxd6 Qxd6 17. g4 Nf6 18. Rdg1 Re8 19. Ng3 b5 20. Bf5 a4 21. Nce2 a3 22. b3 Nfe4 23. Bxe4 Nxe4 24. Nxe4 Rxe4 25. Nf4 Ra7 26. Nd3 Rc7 27. Nc5 Ree7 28. Ka1 Qg6 29. Qxg6 fxg6 30. Rc1 g5 31. b4 Rf7 32. Rc2 Bd7 33. Rhc1 Rf3 34. Rh1 Ra7 35. Rh2 Be8 36. Rc1 1/2-1/2

[Event "LTU-chT2"]
[Site "Lithuania"]
[Date "2009.11.07"]
[Round "1.25"]
[White "Navickaite, Sandra"]
[Black "Cernavina, Ksenija"]
[Result "1-0"]
[WhiteElo "1701"]
[BlackElo "1751"]
[PlyCount "95"]
[EventDate "2009.11.07"]
[EventType "team-tourn"]
[EventRounds "9"]
[EventCountry "LTU"]
[SourceTitle "EXT 2022"]
[Source "ChessBase"]
[SourceDate "2021.10.06"]
[SourceVersion "1"]
[SourceVersionDate "2021.10.06"]
[SourceQuality "1"]

1. d4 g6 2. c4 Nf6 3. Nc3 Bg7 4. e4 d6 5. Be2 0-0 6. Nf3 Nbd7 7. 0-0 e5 8. Bg5 Qe8 9. d5 Kh8 10. b4 Ng8 11. Nb5 Ndf6 12. Nxc7 Qd8 13. Nxa8 Bg4 14. Rc1 Qxa8 15. Nd2 Bxe2 16. Qxe2 b6 17. c5 bxc5 18. bxc5 dxc5 19. Rxc5 Nd7 20. Rc7 Nb6 21. Qa6 Bf6 22. Bxf6+ Nxf6 23. Rxa7 Qd8 24. Rc1 Nfd7 25. a4 Qg5 26. Rc2 Qh5 27. f3 Qh4 28. Nf1 f5 29. a5 fxe4 30. axb6 exf3 31. gxf3 e4 32. Qa1+ Nf6 33. Ra8 Rxa8 34. Qxa8+ Kg7 35. Qb7+ Kh6 36. Qb8 exf3 37. Qe5 Ne4 38. Ng3 f2+ 39. Rxf2 Nxf2 40. Qe3+ Kg7 41. Nf5+ gxf5 42. Qg3+ Qxg3+ 43. hxg3 Ne4 44. b7 Nxg3 45. b8Q Ne4 46. d6 Nxd6 47. Qxd6 h5 48. Qf4 1-0

[Event "Baltic Sea Chess Stars"]
[Site "Narva"]
[Date "2009.10.06"]
[Round "3.4"]
[White "Wisniowska, Klaudia"]
[Black "Navickaite, Sandra"]
[Result "1-0"]
[WhiteElo "1979"]
[BlackElo "1716"]
[PlyCount "75"]
[EventDate "2009.10.05"]
[EventType "team-tourn"]
[EventRounds "7"]
[EventCountry "EST"]
[SourceTitle "EXT 2011"]
[Source "ChessBase"]
[SourceDate "2010.11.26"]
[SourceVersion "1"]
[SourceVersionDate "2010.11.26"]
[SourceQuality "1"]
[WhiteTeam "Poland (U18)"]
[BlackTeam "Lithuania (U18)"]
[WhiteTeamCountry "POL"]
[BlackTeamCountry "LTU"]

1. e4 e5 2. Nf3 Nc6 3. Bb5 Nf6 4. 0-0 d6 5. d4 exd4 6. Nxd4 Bd7 7. Nc3 Nxd4 8. Qxd4 Bxb5 9. Nxb5 a6 10. Nc3 Be7 11. b3 0-0 12. Bb2 Nd7 13. Nd5 Bf6 14. Nxf6+ Qxf6 15. Qxf6 Nxf6 16. Bxf6 gxf6 17. Rad1 Rae8 18. f3 Re5 19. Rd5 Rfe8 20. Rfd1 Kg7 21. g4 Kg6 22. Kf2 Rh8 23. h3 Rhe8 24. R1d3 Rxd5 25. Rxd5 Re5 26. Ke3 Rxd5 27. exd5 f5 28. Kf4 fxg4 29. fxg4 h6 30. h4 h5 31. gxh5+ Kxh5 32. Kf5 Kxh4 33. Kf6 Kg4 34. Kxf7 Kf5 35. Ke7 Ke5 36. c4 c6 37. c5 dxc5 38. d6 1-0

[Event "Radviliskis op"]
[Site "Radviliskis"]
[Date "2009.07.04"]
[Round "6"]
[White "Zebelis, Rimantas"]
[Black "Navickaite, Sandra"]
[Result "1-0"]
[WhiteElo "1982"]
[BlackElo "1705"]
[PlyCount "123"]
[EventDate "2009.07.02"]
[EventType "swiss"]
[EventRounds "7"]
[EventCountry "LTU"]
[SourceTitle "EXT 2023"]
[Source "ChessBase"]
[SourceDate "2022.10.05"]
[SourceVersion "1"]
[SourceVersionDate "2022.10.05"]
[SourceQuality "1"]

1. d4 Nf6 2. c4 g6 3. Nf3 Bg7 4. g3 0-0 5. Bg2 d6 6. Nc3 Nbd7 7. e4 e5 8. 0-0 c6 9. Rb1 Qc7 10. b3 a6 11. a4 Re8 12. Bb2 h6 13. Qd2 Kh7 14. h3 Nh5 15. d5 c5 16. Nh4 Nf8 17. Qe2 Qe7 18. Rbe1 Nf4 19. Qf3 Nxh3+ 20. Kh2 Ng5 21. Qe2 Kg8 22. Rh1 Nfh7 23. Bc1 Nf8 24. Bd2 Bd7 25. Rhf1 Ngh7 26. Bh3 Bxh3 27. Kxh3 Qd7+ 28. Kg2 h5 29. a5 Reb8 30. Na4 Qe8 31. Nb6 Ra7 32. b4 Nd7 33. Be3 Bf8 34. bxc5 dxc5 35. f4 exf4 36. Bxf4 Nxb6 37. Bxb8 Qxb8 38. axb6 Ra8 39. Qf3 Qe8 40. e5 Ng5 41. Qe3 Bh6 42. Qxc5 Qd7 43. e6 fxe6 44. dxe6 Nxe6 45. Qd5 Qxd5+ 46. cxd5 Nf8 47. Re7 Rd8 48. Rd1 Rd7 49. Nxg6 Rxe7 50. Nxe7+ Kf7 51. Nf5 Bg5 52. Nd6+ Ke7 53. Nxb7 Nd7 54. Re1+ Kf8 55. Re6 Bd2 56. Nd8 a5 57. b7 a4 58. Ra6 Ke7 59. Nc6+ Kd6 60. Nb8+ Kc7 61. Nxd7 Kxb7 62. Nc5+ 1-0

[Event "Gniezno-ch Final-B"]
[Site "Gniezno"]
[Date "2008.11.08"]
[Round "4"]
[White "Navickaite, Sandra"]
[Black "Frackowiak, Andrzej"]
[Result "1/2-1/2"]
[WhiteElo "1732"]
[BlackElo "1869"]
[PlyCount "41"]
[EventDate "2008.11.07"]
[EventType "swiss"]
[EventRounds "9"]
[EventCountry "POL"]
[SourceTitle "EXT 2023"]
[Source "ChessBase"]
[SourceDate "2022.10.05"]
[SourceVersion "1"]
[SourceVersionDate "2022.10.05"]
[SourceQuality "1"]

1. d4 Nf6 2. c4 e5 3. dxe5 Ng4 4. Nf3 Nc6 5. Bf4 Bb4+ 6. Nbd2 Qe7 7. a3 Bxd2+ 8. Qxd2 Ngxe5 9. Nxe5 Nxe5 10. e3 d6 11. Bxe5 Qxe5 12. Qd4 Be6 13. Qxe5 dxe5 14. 0-0-0 Ke7 15. Be2 Rad8 16. Rxd8 Rxd8 17. Rd1 Rxd1+ 18. Kxd1 c5 19. Kd2 g5 20. b4 Kd6 21. Kc3 1/2-1/2

[Event "Panevezys op-B"]
[Site "Panevezys"]
[Date "2008.08.16"]
[Round "7"]
[White "Navickaite, Sandra"]
[Black "Surzikovs, Rudolfs"]
[Result "0-1"]
[WhiteElo "1701"]
[BlackElo "1869"]
[PlyCount "60"]
[EventDate "2008.08.12"]
[EventType "swiss"]
[EventRounds "7"]
[EventCountry "LTU"]
[SourceTitle "CBM 125 Extra"]
[Source "ChessBase"]
[SourceDate "2008.09.01"]
[SourceVersion "1"]
[SourceVersionDate "2008.09.01"]
[SourceQuality "1"]

1. d4 f5 2. c4 e6 3. Nc3 Nf6 4. g3 Be7 5. Bg2 c6 6. Nf3 d5 7. cxd5 cxd5 8. 0-0 0-0 9. Bf4 a6 10. Rc1 Nc6 11. Ne5 Nh5 12. Nxc6 bxc6 13. Bd2 Nf6 14. b3 Ne4 15. Nxe4 fxe4 16. Rxc6 Bd7 17. Rc2 Qb6 18. e3 Bb5 19. Re1 Bd3 20. Rc1 Ba3 21. Rc3 Rf7 22. Bf1 Bb4 23. Rc1 Ba3 24. Rc3 e5 25. Bxd3 exd4 26. exd4 Qxd4 27. Bxe4 Qxf2+ 28. Kh1 dxe4 29. Rxe4 Rd8 30. Qe2 Rxd2 0-1

[Event "LTU-ch sf (Women)"]
[Site "Vilnius"]
[Date "2008.01.30"]
[Round "4"]
[White "Navickaite, Sandra"]
[Black "Potapova, Jelizaveta"]
[Result "0-1"]
[WhiteElo "1701"]
[BlackElo "1948"]
[PlyCount "68"]
[EventDate "2008.01.28"]
[EventType "swiss"]
[EventRounds "7"]
[EventCountry "LTU"]
[SourceTitle "EXT 2010"]
[Source "ChessBase"]
[SourceDate "2010.11.25"]
[SourceVersion "1"]
[SourceVersionDate "2010.11.25"]
[SourceQuality "1"]

1. d4 Nf6 2. c4 e6 3. Nc3 Bb4 4. Qc2 0-0 5. Bg5 b6 6. e3 Bb7 7. Nf3 h6 8. Bh4 g5 9. Bg3 Ne4 10. h4 g4 11. Nd2 Bxc3 12. bxc3 f5 13. Bf4 Kh7 14. Nxe4 Bxe4 15. Qe2 Bb7 16. f3 Rg8 17. Qf2 c5 18. Be2 Na6 19. fxg4 cxd4 20. cxd4 Qe7 21. a3 Be4 22. g5 Rac8 23. c5 Nb8 24. Bh5 bxc5 25. g6+ Rxg6 26. Bxg6+ Kxg6 27. Qg3+ Kh7 28. Bxb8 Rg8 29. Bd6 Qd8 30. Bc7 Qc8 31. Qd6 Rxg2 32. dxc5 Bc6 33. 0-0-0 Qa6 34. Rd3 Qc4+ 0-1